01052cam a22003017a 450000100040000000500170000400800410002102000180006202000150008004000230009505000220011810000210014024500810016124600480024224600390029024600330032926000350036230000510039749000190044850500080046752001310047552100220060652100200062865000230064865000340067165000270070570000180073275220230706112618.0120229s2011 nyua j 000 0 eng d a9780545301701 a054530170X aKCKcKCKdDLCbeng00aQL638.9bP33 20111 aPallotta, Jerry.10aHammerhead vs. bull shark /cby Jerry Pallotta ; illustrated by Rob Bolster.3 aWho would win? :bhammerhead vs. bull shark1 iAt head of title :aWho would win?3 aHammerhead versus bull shark aNew York :bScholastic,c2011. a32 pages. :bcollors. illustrations. ;c23 cm.0 aWho would win? aR  aContains facts about hammerhead sharks and bull sharks, comparing such aspects as their sizes, brain structure, and abilities. a780 bLexile  aR bRaz-Plus  0aSharksvNonfiction 0aHammerhead sharksvNonfiction 0aBull sharkvNonfiction1 aBolster, Rob.